[Event "Augustow op"]
[Site "Augustow"]
[Date "2004.??.??"]
[Round "8"]
[White "Dobrowolski, Marek"]
[Black "Jaskiewicz, Kamila"]
[Result "0-1"]
[WhiteElo "1200"]
[BlackElo "1250"]
[PlyCount "106"]
[EventDate "2004.08.??"]
[EventType "swiss"]
[EventRounds "9"]
[EventCountry "POL"]
[SourceTitle "EXT 2008"]
[Source "ChessBase"]
[SourceDate "2007.11.25"]
[SourceVersion "1"]
[SourceVersionDate "2007.11.25"]
[SourceQuality "1"]

1. e4 e5 2. Bc4 Bc5 3. Qf3 Nf6 4. Ne2 d6 5. 0-0 0-0 6. d3 Nc6 7. Bg5 Qd7 8. Bxf6 Qg4 9. Qxg4 Bxg4 10. Nec3 h6 11. Bxg7 Kxg7 12. Re1 a6 13. Rc1 b5 14. Bb3 a5 15. Nxb5 Rfc8 16. N1a3 a4 17. Bxa4 Rxa4 18. Nc4 Ra6 19. a4 Bb6 20. Nxb6 Rxb6 21. f3 Bh5 22. g4 Bg6 23. c4 Ne7 24. Nc3 f6 25. Rab1 c6 26. Ra1 Rbb8 27. a5 Ra8 28. a6 Bf7 29. b4 Be6 30. a7 Rc7 31. b5 cxb5 32. Nxb5 Rd7 33. c5 dxc5 34. Rxc5 Rdd8 35. Rd1 Bb3 36. Rb1 Be6 37. Nc7 Rxa7 38. Nxe6+ Kf7 39. Nxd8+ Ke8 40. Rc8 Nxc8 41. Rc1 Kxd8 42. h4 Nb6 43. g5 hxg5 44. hxg5 fxg5 45. Rd1 Rg7 46. d4 exd4 47. Rxd4+ Ke7 48. Rb4 Nd7 49. Kf2 Kf6 50. Rb5 Rg6 51. f4 gxf4 52. Kf3 Rg3+ 53. Kxf4 Rc3 0-1

[Event "Augustow op"]
[Site "Augustow"]
[Date "2004.??.??"]
[Round "6"]
[White "Dobrowolski, Marek"]
[Black "Renkowski, Piotr"]
[Result "0-1"]
[WhiteElo "1200"]
[BlackElo "1400"]
[PlyCount "44"]
[EventDate "2004.08.??"]
[EventType "swiss"]
[EventRounds "9"]
[EventCountry "POL"]
[SourceTitle "EXT 2008"]
[Source "ChessBase"]
[SourceDate "2007.11.25"]
[SourceVersion "1"]
[SourceVersionDate "2007.11.25"]
[SourceQuality "1"]

1. e4 e5 2. Bc4 Nf6 3. Qf3 Bc5 4. Ne2 Nc6 5. 0-0 Nd4 6. Nxd4 Bxd4 7. c3 Bb6 8. g4 0-0 9. g5 Ne8 10. d3 Nd6 11. g6 hxg6 12. Qg3 Nxc4 13. dxc4 d6 14. Rd1 Qf6 15. Bg5 Bxf2+ 16. Qxf2 Qxg5+ 17. Kf1 f5 18. exf5 Rxf5 19. Qxf5 Qxf5+ 20. Ke1 Be6 21. b3 Rf8 22. Rd2 Qf1# 0-1

[Event "Augustow op"]
[Site "Augustow"]
[Date "2004.??.??"]
[Round "3"]
[White "Gryglas, Marta"]
[Black "Dobrowolski, Marek"]
[Result "1-0"]
[WhiteElo "1400"]
[BlackElo "1200"]
[PlyCount "59"]
[EventDate "2004.08.??"]
[EventType "swiss"]
[EventRounds "9"]
[EventCountry "POL"]
[SourceTitle "EXT 2008"]
[Source "ChessBase"]
[SourceDate "2007.11.25"]
[SourceVersion "1"]
[SourceVersionDate "2007.11.25"]
[SourceQuality "1"]

1. e4 e5 2. Nf3 Nf6 3. Nc3 d6 4. Bc4 Bg4 5. h3 Bh5 6. g4 Bg6 7. d3 Be7 8. Nd5 Nxd5 9. Bxd5 0-0 10. Bxb7 Nc6 11. Bxa8 Qxa8 12. h4 Qb7 13. h5 Bxe4 14. dxe4 Qb4+ 15. Bd2 Qxe4+ 16. Qe2 Qxe2+ 17. Kxe2 Nb4 18. Bxb4 c5 19. Bc3 c4 20. b3 cxb3 21. axb3 d5 22. Rxa7 Re8 23. Bxe5 f6 24. Bd4 Kh8 25. Kd3 g6 26. hxg6 Bd6 27. Rhxh7+ Kg8 28. Rag7+ Kf8 29. Bxf6 Be7 30. Rh8# 1-0